[Event "Guines"]
[Site "Guines"]
[Date "1994.??.??"]
[Round "5"]
[White "Moreno, Alejandro"]
[Black "Reynaldo, Jorge"]
[Result "1-0"]
[WhiteElo "2310"]
[BlackElo "2320"]

1.e4 c5 2.Nf3 d6 3.Bb5+ Bd7 4.Bxd7+ Qxd7 5.O-O Nc6 6.c3 e6 7.d4 d5 8.exd5 Qxd5
9.Be3 cxd4 10.cxd4 Nf6 11.Nc3 Qd6 12.Ne5 Be7 13.Nb5 Qd8 14.Rc1 Qa5 15.Qe2 a6
16.Nxc6 bxc6 17.Nc3 O-O 18.b3 c5 19.dxc5 Bxc5 20.Bxc5 Qxc5 21.Ne4 Qe5 22.Nxf6+ Qxf6
23.Rc6 a5 24.Rfc1 a4 25.b4 a3 26.R1c3 Qf5 27.Rb3 Rfd8 28.h3 Qf4 29.g3 Rd2
30.gxf4 Rxe2 31.Rxa3 Rd8 32.Rd3 Rb8 33.a4 h6 34.Rd4 Ra2 35.b5 Rb2 36.Rc7 Ra2
37.Rb4 Rb6 38.Ra7 e5 39.fxe5 Rg6+ 40.Rg4 Re6 41.f4 Rb6 42.Ra5 f6 43.Ra7 g5
44.fxg5 fxe5 45.gxh6+ Kh8 46.h7  1-0

[Event "FIN-SWE m"]
[Site "Haernoesand"]
[Date "1994.??.??"]
[Round "?"]
[White "Brynell, Stellan"]
[Black "Pulkkinen, Kari"]
[Result "1/2-1/2"]
[WhiteElo "2485"]
[BlackElo "2360"]

1.e4 c5 2.Nf3 d6 3.Bb5+ Nd7 4.d4 Nf6 5.Nc3 cxd4 6.Qxd4 e5 7.Qd3 Be7 8.Bg5 O-O
9.Bxd7 Qxd7 10.Bxf6 Bxf6 11.O-O g6 12.Rad1 Rd8 13.Nd2 b6 14.Nd5 Bg7 15.c4 Qb7
16.Nb1 Be6 17.Nbc3 f5 18.exf5 gxf5 19.f4 e4 20.Qd2 Kh8 21.Ne3 Rac8 22.b3 b5
23.Ncd5 bxc4 24.Nxc4 Rc5 25.Nce3 a5 26.h3 Rdc8 27.Kh1 Qf7 28.Nb6 Rd8 29.Na4 Rb5
30.Nc3  1/2-1/2

[Event "SWE-ch"]
[Site "Haparanda"]
[Date "1994.??.??"]
[Round "6"]
[White "Brynell, Stellan"]
[Black "Wikner, Arvid"]
[Result "1/2-1/2"]
[WhiteElo "2485"]
[BlackElo "2230"]

1.e4 c5 2.Nf3 d6 3.Bb5+ Nc6 4.O-O Bd7 5.Re1 Nf6 6.h3 a6 7.Bf1 e6 8.c3 Be7
9.d4 cxd4 10.cxd4 O-O 11.Nc3 d5 12.e5 Ne8 13.Bf4 b5 14.Rc1 f6 15.exf6 Bxf6
16.Bd3 Qb6 17.Ne5 Nxe5 18.Bxe5 Bxe5 19.Rxe5 Nf6 20.Ne2 Rac8 21.Rxc8 Rxc8
22.Qd2 Be8 23.Nf4 Bf7 24.Re1 Qd6 25.g3 Re8 26.Qc3 Nd7 27.Rc1 e5 28.Qc7 Qxc7
29.Rxc7 exf4 30.Rxd7 f3 31.g4 Bg6 32.Bxg6 hxg6 33.Rxd5 Re2 34.Rd6 a5 35.Ra6 a4
36.b3 Rxa2 37.bxa4 bxa4 38.Rxg6 a3 39.Ra6 Ra1+ 40.Kh2 a2 41.d5 Kf7 42.Ra7+ Kf6
43.g5+ Ke5 44.Ra5 g6 45.h4 Kd6 46.h5 gxh5 47.g6 Re1 48.Rxa2 Re4 49.Ra8 Rg4
50.Rd8+ Ke5 51.d6 Rxg6 52.d7 Ke6 53.Rf8 Kxd7 54.Rxf3  1/2-1/2

[Event "Harkany op"]
[Site "Harkany"]
[Date "1994.??.??"]
[Round "7"]
[White "Chernyshov, Konstantin"]
[Black "Chetverik, Maxim"]
[Result "1-0"]
[WhiteElo "2485"]
[BlackElo "2315"]

1.e4 c5 2.Nf3 d6 3.Bb5+ Bd7 4.a4 Nf6 5.e5 dxe5 6.Nxe5 e6 7.O-O Qc7 8.Re1 Bd6
9.Nxd7 Bxh2+ 10.Kh1 Nbxd7 11.g3 Bxg3 12.fxg3 Qxg3 13.Ra3 Qh4+ 14.Kg1 h5 15.Re2 Rh6
16.Rg2 O-O-O 17.Qf3 Ne5 18.Qf2 Qxf2+ 19.Kxf2 Nfg4+ 20.Kg3 g5 21.Rc3 b6 22.b4 Nf6
23.Re2 h4+ 24.Kh2 h3 25.bxc5 Neg4+ 26.Kh1 Nd5 27.Rg3 f5 28.d3 Nf4 29.Bxf4 gxf4
30.Rf3 e5 31.cxb6 axb6 32.Nd2 Kc7 33.Nc4 Rd5 34.Rf1 Rh8 35.c3 h2 36.d4 exd4
37.cxd4 Rxd4 38.Ne5 f3 39.Rc2+ Kb7 40.Nxf3 Ne3 41.Nxd4  1-0

[Event "Hastings9495"]
[Site "Hastings"]
[Date "1994.??.??"]
[Round "?"]
[White "Madl, Ildiko"]
[Black "Nunn, John DM"]
[Result "1/2-1/2"]
[WhiteElo "2415"]
[BlackElo "2625"]

1.e4 c5 2.Nf3 d6 3.Bb5+ Nd7 4.d4 Nf6 5.Nc3 cxd4 6.Qxd4 e5 7.Qd3 h6 8.a4 a6
9.Bc4 Nc5 10.Qe2 Be7 11.h3 Bd7 12.O-O O-O 13.Rd1 Nxa4 14.Nxa4 b5 15.Bb3 bxa4
16.Bxa4 Bb5 17.Bxb5 axb5 18.Bd2 Ra4 19.Rxa4 bxa4 20.Bb4 Qb6 21.c3 Qb7 22.Bxd6 Bxd6
23.Rxd6 Nxe4 24.Ra6 Nc5 25.Ra5 Qc7 26.Rb5 e4 27.Nd4 Rb8 28.Qc4 Rxb5 29.Qxb5 g6
30.b4 axb3 31.Nxb3 Ne6 32.Nd4 Nxd4  1/2-1/2

[Event "Hedehusene"]
[Site "Hedehusene"]
[Date "1994.??.??"]
[Round "3"]
[White "Greger, Roland"]
[Black "Bang, Andreas"]
[Result "1/2-1/2"]
[WhiteElo "2275"]
[BlackElo "2310"]

1.e4 c5 2.Nf3 d6 3.Bb5+ Nd7 4.c3 Nf6 5.Qe2 a6 6.Ba4 b5 7.Bc2 Bb7 8.O-O e5
9.d4 cxd4 10.cxd4 Be7  1/2-1/2

[Event "Hedehusene"]
[Site "Hedehusene"]
[Date "1994.??.??"]
[Round "6"]
[White "Christensen, Lasse"]
[Black "Elgaard, Brian K"]
[Result "1-0"]
[WhiteElo "2260"]
[BlackElo "2260"]

1.e4 c5 2.Nf3 d6 3.Bb5+ Nd7 4.c3 a6 5.Ba4 b5 6.Bc2 g6 7.O-O Bg7 8.d4 Qc7
9.Bf4 e5 10.Bg5 Ngf6 11.a4 Rb8 12.axb5 axb5 13.Na3 cxd4 14.Bd3 dxc3 15.Nxb5 Rxb5
16.Bxf6 c2 17.Qe1 Rc5 18.Bxg7 Rg8 19.Bh6 g5 20.Bxg5 Nf8 21.Kh1 Qd7 22.Bxc2 Qg4
23.Ba4+ Nd7 24.Qd2 Rg6 25.b4 Rc4 26.Rfc1 Qxe4 27.Rxc4 Qxc4 28.Rc1 Qa6 29.Qc2 Bb7
30.Qc7 Kf8 31.Qxd7 Bxf3 32.Qc8+ Qxc8 33.Rxc8+ Kg7 34.gxf3 Rxg5 35.b5 Rf5
36.b6  1-0

[Event "FIN-ch"]
[Site "Helsinki"]
[Date "1994.??.??"]
[Round "?"]
[White "Raaste, Eero J"]
[Black "Hartikainen, Markku"]
[Result "1/2-1/2"]
[WhiteElo "2350"]
[BlackElo "2235"]

1.e4 c5 2.Nf3 d6 3.Bb5+ Bd7 4.Bxd7+ Qxd7 5.O-O Nc6 6.b3 Nf6 7.Re1 e6 8.Bb2 Be7
9.d4 cxd4 10.Nxd4 O-O 11.c4 Rfd8 12.Nc3 Rac8 13.Rc1 Nxd4 14.Qxd4 a6 15.Rcd1 Qc6
16.Qd3 Qc5 17.h3 Rb8 18.Rc1 Qg5  1/2-1/2

[Event "FIN-ch"]
[Site "Helsinki"]
[Date "1994.??.??"]
[Round "?"]
[White "Raaste, Eero J"]
[Black "Nevanlinna, Risto"]
[Result "1-0"]
[WhiteElo "2350"]
[BlackElo "2300"]

1.e4 c5 2.Nf3 d6 3.Bb5+ Nd7 4.O-O a6 5.Bxd7+ Bxd7 6.d4 cxd4 7.Qxd4 e5 8.Qd3 Be7
9.c4 h6 10.Nc3 Nf6 11.c5 dxc5 12.Nxe5 Be6 13.Bf4 Qxd3 14.Nxd3 c4 15.Ne5 b5
16.Rfe1 O-O 17.Rad1 Bc5 18.Kf1 Rfd8 19.a3 Rac8 20.h3 Kf8 21.Rxd8+ Rxd8 22.Nc6 Rc8
23.Nb8 b4 24.axb4 Bxb4 25.Nxa6 Ba5 26.Nc5 Rc6 27.Nxe6+ Rxe6 28.f3 g5 29.Bh2 Nd7
30.Rd1 Ke8 31.Nd5 Rc6 32.Ra1 Bd8 33.Ra8 Nc5 34.Bc7 Ne6 35.Bxd8 Nxd8 36.Ke2 Kd7
37.Kd2 f5 38.Ke3 fxe4 39.fxe4 Nf7 40.Ra7+ Ke8 41.Rc7 Rxc7 42.Nxc7+ Kd7 43.Nd5 Nd6
44.Kd4 Kc6 45.Ne3  1-0

[Event "EU-ch U16 Girls"]
[Site "Herculane"]
[Date "1994.??.??"]
[Round "2"]
[White "Mereacre, Natasa"]
[Black "Peptan, Corina"]
[Result "0-1"]
[WhiteElo "2115"]
[BlackElo "2265"]

1.e4 c5 2.Nf3 d6 3.Bb5+ Nd7 4.O-O Nf6 5.Re1 a6 6.Bf1 g6 7.c3 Bg7 8.d4 O-O
9.Na3 cxd4 10.cxd4 b5 11.Qb3 Bb7 12.Bd3 Rc8 13.Nc2 e5 14.Bg5 h6 15.Bxf6 Bxf6
16.Rac1 exd4 17.Ncxd4 Qb6 18.Rxc8 Rxc8 19.Ne6 Re8 20.Nf4 Nc5 21.Qc2 Kg7 22.b4 Nxd3
23.Qxd3 Rc8 24.h4 Rc4 25.h5 g5 26.Nd5 Bxd5 27.Qxd5 Rxb4 28.Rd1 Rb2 29.Nd4 Bxd4
30.Rxd4 Qc5 31.a4 bxa4 32.Qxd6 Qxd6 33.Rxd6 a3 34.Rxa6 a2 35.Kh2 Rxf2 36.Kg3 Rb2
37.Kf3 Kf8 38.g3 Ke7 39.Kg4 Rf2 40.Kh3 Kd7 41.g4 Kc7 42.Kg3 Kb7 43.Ra3 Rb2
44.Kf3 Kc6 45.Ke3 Rb3+ 46.Rxb3 a1=Q 47.Rd3 Qg1+ 48.Kf3 Qf1+ 49.Ke3 Qf4+ 50.Kd4 Qxg4
51.Rc3+ Kd6  0-1

[Event "EU-ch U16 Girls"]
[Site "Herculane"]
[Date "1994.??.??"]
[Round "4"]
[White "Gheorghe, Anca"]
[Black "Werner, Isabel"]
[Result "1-0"]
[WhiteElo "2005"]
[BlackElo "2210"]

1.e4 c5 2.Nf3 d6 3.Bb5+ Bd7 4.Bxd7+ Qxd7 5.O-O Nc6 6.d4 cxd4 7.Nxd4 Nf6 8.Re1 g6
9.c4 Bg7 10.Nxc6 bxc6 11.Nc3 O-O 12.e5 dxe5 13.Rxe5 Qc7 14.Re1 Rad8 15.Qe2 Rfe8
16.Be3 Nh5 17.Na4 Nf4 18.Qc2 e5 19.Nc5 Ne6 20.Nxe6 Rxe6 21.Qa4 Re7 22.Rac1 Red7
23.b4 f5 24.f3 e4 25.fxe4 fxe4 26.Qc2 Rd3 27.Bg5 Rf8 28.Rxe4 Rc3 29.Qe2 Qb6+
30.c5 Rxc1+ 31.Bxc1 Qb8 32.Qc4+ Kh8 33.Bf4 Qd8 34.Bd6 Re8 35.Qe2 Rxe4 36.Qxe4 Qd7
37.a4 a6 38.Qe2 Qb7  1-0

[Event "EU-ch U16 Girls"]
[Site "Herculane"]
[Date "1994.??.??"]
[Round "7"]
[White "Mereacre, Natasa"]
[Black "Dworakowska, Joanna"]
[Result "1-0"]
[WhiteElo "2155"]
[BlackElo "2190"]

1.e4 c5 2.Nf3 d6 3.Bb5+ Nc6 4.Bxc6+ bxc6 5.O-O e5 6.c3 Nf6 7.d4 cxd4 8.cxd4 Qc7
9.Qc2 Bg4 10.dxe5 Bxf3 11.exf6 Bh5 12.Nc3 Qd7 13.Ne2 gxf6 14.Ng3 Bg6 15.f4 h5
16.f5 h4 17.fxg6 hxg3 18.Rxf6 Bg7 19.gxf7+ Kf8 20.Rf3 gxh2+ 21.Kh1 Rb8  1-0

[Event "Hlohovec op"]
[Site "Hlohovec"]
[Date "1994.??.??"]
[Round "?"]
[White "Berezjuk, Sergej"]
[Black "Zagorskis, Darius"]
[Result "0-1"]
[WhiteElo "2390"]
[BlackElo "2450"]

1.e4 c5 2.Nf3 d6 3.Bb5+ Bd7 4.Bxd7+ Nxd7 5.c4 Ngf6 6.Nc3 e6 7.O-O a6 8.Qe2 Be7
9.d4 cxd4 10.Nxd4 Rc8 11.Bd2 O-O 12.Rac1 Qc7 13.b3 Ne5 14.Rfd1 Rfd8 15.Kh1 b6
16.f3 Qb7 17.f4 Nc6 18.Be3 Nb8 19.Bf2 Nbd7 20.Bh4 Nf8 21.f5 Re8 22.fxe6 fxe6
23.Bg3 Rcd8 24.e5 dxe5 25.Bxe5 Rd7 26.Rd3 Ng6 27.Rcd1 Nxe5 28.Qxe5 Bd6 29.Qe2 Bb4
30.Nf3 Rxd3 31.Rxd3 e5 32.Nd5 Nxd5 33.Rxd5 e4 34.Nd4 Bc5 35.Nf5 e3 36.Kg1 Qf7
37.g4 Kh8 38.Kg2 Qf6 39.h4 g6 40.g5 Qa1 41.Ng3 Kg8 42.Kh3 Qg1 43.h5 Qf2 44.hxg6 hxg6
45.Qxf2 exf2 46.Kg2 Re1 47.Nf1 a5 48.a3 Rb1 49.Rd3 Kf7 50.Rf3+ Ke6 51.b4 axb4
52.axb4 Rxb4 53.Nd2 Be7 54.Re3+ Kd7 55.Rd3+ Ke6 56.Re3+ Kf7 57.Rf3+ Kg7 58.Rxf2  0-1

[Event "Hlohovec op"]
[Site "Hlohovec"]
[Date "1994.??.??"]
[Round "?"]
[White "Berezjuk, Sergej"]
[Black "Golod, Vitali"]
[Result "0-1"]
[WhiteElo "2390"]
[BlackElo "2510"]

1.e4 c5 2.Nf3 d6 3.Bb5+ Bd7 4.Bxd7+ Qxd7 5.c4 g6 6.Nc3 Bg7 7.d4 cxd4 8.Nxd4 Nc6
9.Nde2 Nf6 10.O-O O-O 11.f3 a6 12.a4 e6 13.Be3 Qc7 14.Rc1 Rac8 15.Kh1 Rfd8
16.b3 Qa5 17.Qe1 Qb4 18.Bg5 h6 19.Bxf6 Bxf6 20.Rb1 Bg7 21.f4 Re8 22.Qg3 Nd4
23.Nxd4 Bxd4 24.Ne2 Bg7 25.Qd3 b5 26.axb5 axb5 27.cxb5 Rb8 28.Ng3 Qxb5 29.Qxd6 Red8
30.Qa3 Rd3 31.Qa4 Rxb3 32.Rxb3 Qxb3 33.Qc6 Qb5 34.Qc1 h5 35.e5 Qa4 36.Re1 Rb4
37.Ne2 Re4 38.Nc3 Rxe1+ 39.Qxe1 Qxf4 40.g3 Qf3+ 41.Kg1 Bh6 42.Nd1 Bf8 43.h4 Bc5+
44.Kh2 Bd4 45.Kh3 Bxe5  0-1

[Event "HUN-chT 9394"]
[Site "?"]
[Date "1994.??.??"]
[Round "?"]
[White "Horvath, A."]
[Black "Kadar, Gabor"]
[Result "0-1"]
[WhiteElo "2270"]
[BlackElo "2300"]

1.e4 c5 2.Nf3 d6 3.Bb5+ Bd7 4.Bxd7+ Qxd7 5.O-O Nc6 6.c3 Nf6 7.Qe2 e6 8.d4 cxd4
9.cxd4 d5 10.e5 Ne4 11.Nbd2 Nxd2 12.Bxd2 Be7 13.Rfd1 O-O 14.h3 Rfc8 15.Rac1 Nd8
16.Bg5 Bxg5 17.Nxg5 h6 18.Nf3 Qa4 19.a3 Rc6 20.Rxc6 Qxc6 21.Rd3 Qb5 22.Qc2 Nc6
23.Rc3 Qb6 24.Rc5 a5 25.b3 g6 26.Qd3 a4 27.b4 Kg7 28.Qd2 Na7 29.Nh2 h5 30.Nf3 Qd8
31.Qc2 b6 32.Rc3 Nb5 33.Rd3 Qc8 34.Qd2 Qc4 35.Ng5 Rc8 36.Kh2 Qc1 37.Qxc1 Rxc1
38.g4 hxg4 39.hxg4 Rc3 40.Rxc3 Nxc3  0-1

[Event "HUN-chT 9394"]
[Site "?"]
[Date "1994.??.??"]
[Round "?"]
[White "Poor, Istvan"]
[Black "Banas, Jan"]
[Result "1/2-1/2"]
[WhiteElo "2280"]
[BlackElo "2390"]

1.e4 c5 2.Nf3 d6 3.Bb5+ Bd7 4.Bxd7+ Nxd7 5.O-O Ngf6 6.Re1 e6 7.c3 Be7 8.d4 O-O
9.Nbd2 b5 10.b3 Qb6 11.Bb2 Qb7 12.Qe2 cxd4 13.cxd4 Rfc8 14.Qd3 d5 15.e5 Nh5
16.g3 Rc6 17.Nf1 g6 18.Ne3 Ng7 19.h4 Rac8 20.Kg2 Nf5 21.Nxf5 exf5 22.Rac1 Nf8
23.h5 Ne6 24.Rh1 Bf8 25.hxg6 hxg6 26.Rxc6 Rxc6 27.Bc1 Qc8 28.Bh6 Rc3 29.Qf1 a6
30.Bxf8 Qxf8 31.Qe1 Rc2 32.a4 bxa4 33.bxa4 Qa3 34.Qa5 Qa2 35.Rf1 Qc4 36.Qb6 f4
37.Ng5 Nxg5 38.Qd8+ Kg7 39.Qf6+ Kg8 40.Qd8+ Kg7  1/2-1/2

[Event "HUN-chT 9394"]
[Site "?"]
[Date "1994.??.??"]
[Round "?"]
[White "Adorjan, Andras"]
[Black "Horvath, Jozsef"]
[Result "1/2-1/2"]
[WhiteElo "2565"]
[BlackElo "2515"]

1.e4 c5 2.Nf3 d6 3.Bb5+ Bd7 4.Bxd7+ Qxd7 5.c4 Nf6 6.Nc3 Nc6 7.d4 cxd4 8.Nxd4 g6
9.f3 Bg7 10.Be3 O-O 11.O-O Rac8 12.b3 e6 13.Rc1 Rfd8 14.Qd2 d5 15.cxd5 exd5
16.Nxc6 bxc6 17.Rfd1 Qe7 18.exd5 Nxd5 19.Nxd5 cxd5 20.Bg5 Bf6 21.Rxc8 Rxc8
22.Bxf6 Qxf6 23.h3 Rc5 24.Kh1 Qe5 25.Qf2 Qc3 26.Qh4 Qe3 27.Qd8+ Kg7 28.Qd6 Rc2
29.Qxd5 Rxa2  1/2-1/2

[Event "HUN-chT2 9394"]
[Site "?"]
[Date "1994.??.??"]
[Round "?"]
[White "Sass, Viktor"]
[Black "Orso, Miklos"]
[Result "1/2-1/2"]
[WhiteElo "2245"]
[BlackElo "2330"]

1.e4 c5 2.Nf3 d6 3.Bb5+ Nd7 4.O-O a6 5.Bxd7+ Qxd7 6.c3 Nf6 7.Re1 e5 8.d4 Qc7
9.h3 Be7 10.a4 b6 11.dxe5 dxe5 12.c4 O-O 13.Nc3 Bb7 14.Qc2 Rfe8 15.b3 Bf8
16.Bb2 g6 17.Rad1 Bg7 18.Nd5 Nxd5 19.exd5 Rad8 20.Re2  1/2-1/2

[Event "HUN-chT2 9394"]
[Site "?"]
[Date "1994.??.??"]
[Round "?"]
[White "Doery, Jeno"]
[Black "Loginov, Valery A"]
[Result "0-1"]
[WhiteElo "2330"]
[BlackElo "2540"]

1.e4 c5 2.Nf3 d6 3.Bb5+ Bd7 4.Bxd7+ Qxd7 5.O-O e6 6.b3 Nf6 7.Re1 Nc6 8.Bb2 Be7
9.d4 cxd4 10.Nxd4 O-O 11.c4 a6 12.Nc3 Rab8 13.a4 Bd8 14.Nc2 Bb6 15.Ne3 Bd4
16.Ng4 Nxg4 17.Qxg4 Qc7 18.Rab1 Qb6 19.Nd1 Qb4 20.Re2 b5 21.axb5 axb5 22.cxb5 Rxb5
23.Rc1 Ne5 24.Qg3 Bxb2 25.Nxb2 Qa3  0-1

[Event "Ischia op"]
[Site "Ischia"]
[Date "1994.??.??"]
[Round "?"]
[White "Stodola, Jaroslav"]
[Black "Gabriel, Christian"]
[Result "0-1"]
[WhiteElo "2205"]
[BlackElo "2530"]

1.e4 c5 2.Nf3 d6 3.Bb5+ Nd7 4.O-O Nf6 5.Re1 e6 6.c3 Be7 7.d4 O-O 8.e5 Nd5
9.Nbd2 cxd4 10.cxd4 dxe5 11.dxe5 Nc5 12.Ne4 Qb6 13.Bc4 Rd8 14.Bd2 Bd7 15.b4 Nxe4
16.Rxe4 Bc6 17.Qe2 Nxb4 18.Rb1 Bxe4 19.Qxe4 Qc6 20.Qxc6 bxc6 21.Kf1 Rab8
22.Be3 Nd5  0-1

[Event "Ischia op"]
[Site "Ischia"]
[Date "1994.??.??"]
[Round "?"]
[White "Nicevski, Dejan"]
[Black "Tassi, Oliviero"]
[Result "1-0"]
[WhiteElo "2255"]
[BlackElo "2320"]

1.e4 c5 2.Nf3 d6 3.Bb5+ Nc6 4.c3 Nf6 5.Qe2 Bg4 6.d4 Nd7 7.d5 Ncb8 8.h3 Bxf3
9.Qxf3 g6 10.Nd2 Bg7 11.a4 a6 12.Be2 b6 13.g4 Qc7 14.h4 h6 15.Qg2 Ra7 16.f4 Nf8
17.g5 e6 18.Bc4 Qe7 19.Rf1 hxg5 20.hxg5 f5 21.gxf6 Qxf6 22.Kd1 exd5 23.Bxd5 Qh4
24.Nc4 Qd8 25.Kc2 Rh5 26.Bd2 Bf6 27.e5 dxe5 28.fxe5 Bg5 29.Nd6+ Kd7 30.Bxg5 Qxg5
31.Rf7+  1-0

[Event "Isla Guitart op"]
[Site "Isla Guitart "]
[Date "1994.??.??"]
[Round "?"]
[White "Subit, Jose L"]
[Black "Boudy, Julio"]
[Result "1-0"]
[WhiteElo "2370"]
[BlackElo "2295"]

1.e4 c5 2.Nf3 d6 3.Bb5+ Bd7 4.Bxd7+ Qxd7 5.O-O Nc6 6.c3 Nf6 7.d4 cxd4 8.cxd4 d5
9.e5 Ng8 10.Nc3 e6 11.Bf4 Nge7 12.Rc1 Ng6 13.Bg3 Bb4 14.h4 Bxc3 15.Rxc3 h5
16.Ne1 Nge7 17.Bf4 Nf5 18.Nf3 O-O-O 19.Qa4 Kb8 20.Ra3 Rc8 21.b4 b6 22.Bd2 Rc7
23.b5 Nce7 24.Rd3 Rhc8 25.Qb3 Rc2 26.Bc3 Re2 27.Rfd1 Ng6 28.g3 f6 29.a4 Qc7
30.Kf1 Re4 31.Nd2 fxe5 32.dxe5 Rc4 33.Bb2 Nxe5 34.Bxe5 Qxe5 35.Nxc4 Rxc4
36.Qxc4 dxc4 37.Rd8+ Kb7 38.R1d7+ Qc7 39.Rxc7+ Kxc7 40.Rd1 Nd6 41.Ke2 Kd7
42.Ke3 e5 43.f3 Ke6 44.g4 g6  1-0

[Event "Isla Guitart op"]
[Site "Isla Guitart "]
[Date "1994.??.??"]
[Round "?"]
[White "Fandino, Roquelina"]
[Black "Larduet, Carlos"]
[Result "0-1"]
[WhiteElo "2090"]
[BlackElo "2300"]

1.e4 c5 2.Nf3 d6 3.Bb5+ Nc6 4.h3 Bd7 5.O-O a6 6.Bxc6 Bxc6 7.Re1 e6 8.d4 cxd4
9.Nxd4 Nf6 10.Nxc6 bxc6 11.Nc3 Qc7 12.Qf3 Nd7 13.Qg3 g6 14.Be3 Rb8 15.Na4 Rb4
16.Nc5 Nxc5 17.Bxc5 Rb7 18.Bd4 e5 19.Bc3 Be7 20.f4 exf4 21.Qxf4 O-O 22.e5 d5
23.Rad1 Re8 24.Kh1 Bf8 25.Qg4 Re6 26.a3 Bg7 27.b4 Rb8 28.Qe2 Qb7 29.Rd3 Qb5
30.Qf3 Qa4 31.Bd4 h5 32.Rd2 Qb5 33.Rde2 a5 34.Bc5 Rb7 35.Qf2 axb4 36.axb4 Qc4
37.Qg3 Rd7 38.Qa3 Qh4 39.Qa8+ Kh7  0-1

[Event "Isle of Man op"]
[Site "Isle of Man"]
[Date "1994.??.??"]
[Round "6"]
[White "Kristensen, Bjarke"]
[Black "Sher, Miron N"]
[Result "1-0"]
[WhiteElo "2440"]
[BlackElo "2520"]

1.e4 c5 2.Nf3 d6 3.Bb5+ Nc6 4.O-O Bg4 5.h3 Bh5 6.Re1 e5 7.Bxc6+ bxc6 8.d3 Be7
9.Nbd2 Bg5 10.Nc4 Bxc1 11.Rxc1 Ne7 12.b3 f6 13.Ne3 a5 14.a4 d5 15.g4 Bg6
16.Nd2 Bf7 17.Qf3 Ng6 18.Nf5 O-O 19.Qe3 Qb6 20.Kh2 Nf4 21.Rg1 Be6 22.Rg3 Ra7
23.Rcg1 Bxf5 24.gxf5 Qb4 25.Qe1 Rd7 26.Re3 Rfd8 27.Rg4 Kf8 28.Qc1 c4 29.c3 Qb6
30.Qa3+ Kg8 31.bxc4 dxc4 32.Nxc4 Qa7 33.Qb3 Kh8 34.d4 Rb7 35.Qa2 exd4 36.cxd4 Qb8
37.e5 Rxd4 38.Nd6 h5 39.exf6 hxg4 40.Re8+ Qxe8 41.Nxe8 gxf6 42.Nxf6 Kg7 43.Nxg4 Nd5
44.Qa1 Rb4 45.Qc1 Rf4 46.Qxc6 Rxf5 47.Qh6+ Kf7 48.Qa6 Rh5 49.Qd6 Re4 50.f3 Re6
51.Qb8 Re8 52.Qb3 Re6 53.Kg3 Rb6 54.Qc4 Ke7 55.Qc5+ Ke6 56.Qxa5 Rb3 57.Qe1+ Kd6
58.Qe4 Kc5 59.h4 Rh8 60.Qf5 Rb4 61.Nf6 Rd8 62.Nd7+ Kd6 63.Qe5+ Kc6 64.Qe6+ Kc7
65.Qxd5 Rb7 66.h5 Rxd7 67.Qc5+ Kd8 68.h6 Ke8 69.a5 Kf7 70.a6 Ra7 71.Qb6 Kg8
72.Kg4 Kh7 73.f4 Ra8 74.f5 Rda7 75.Kh5 Kh8 76.Qd4+ Kh7 77.f6 Kg8 78.Qd5+ Kh7
79.f7  1-0

[Event "Israel sim"]
[Site "?"]
[Date "1994.??.??"]
[Round "?"]
[White "Kasparov, Gary"]
[Black "Zelkind, C."]
[Result "1-0"]
[WhiteElo "2805"]
[BlackElo "2290"]

1.e4 c5 2.Nf3 d6 3.Bb5+ Bd7 4.Bxd7+ Qxd7 5.c4 Nf6 6.Nc3 Nc6 7.d4 cxd4 8.Nxd4 g6
9.f3 Bg7 10.Be3 O-O 11.O-O Rac8 12.b3 Rfd8 13.Rc1 e6 14.Kh1 d5 15.exd5 exd5
16.c5 Ne8 17.Ncb5 a6 18.Nc3 Nc7 19.Na4 Qe7 20.Re1 Ne6 21.Nb6 Rb8 22.Nxc6 bxc6
23.b4 Qh4 24.Bd2 Re8 25.Qe2 Nc7 26.Qd3 Qf2 27.a4 Bh6 28.Red1 Re2 29.Qxe2 Qxe2
30.Bxh6 Re8 31.Bf4 Ne6 32.Re1 Nxf4 33.Rxe2 Rxe2 34.b5 Nd3 35.Rb1 axb5 36.axb5 cxb5
37.c6 Rc2 38.Nxd5 Kf8 39.c7 Ke8 40.h3 Kd7 41.Rxb5 Nc5 42.Rb8 Ne6 43.c8=Q+  1-0

[Event "ITA-chT"]
[Site "Italy"]
[Date "1994.??.??"]
[Round "?"]
[White "Ferretti, Folco"]
[Black "Palmiotto, Fiorentino"]
[Result "1/2-1/2"]
[WhiteElo "2290"]
[BlackElo "2210"]

1.e4 c5 2.Nf3 d6 3.Bb5+ Bd7 4.Bxd7+ Qxd7 5.O-O Nc6 6.c3 Nf6 7.Qe2 e5 8.Rd1 Qg4
9.d3 Be7 10.Nbd2 h6 11.Nf1 g6 12.a3 Kf8 13.Ng3 Re8 14.d4 Kg7 15.h3 Qc8 16.dxc5 dxc5
17.Nh4 Bf8 18.Be3 Kh7 19.Qf3 Qe6 20.Rd3 Rd8 21.Rxd8 Nxd8 22.Rd1 Nc6 23.Qe2 a6
24.b4 cxb4 25.axb4 Be7 26.Nf3 Rd8 27.Rxd8 Bxd8 28.Nd2 Be7 29.Qd1 Nb8 30.Qb3 Qxb3
31.Nxb3 Nfd7 32.Ne2 Nc6  1/2-1/2

[Event "Jakarta"]
[Site "Jakarta"]
[Date "1994.??.??"]
[Round "4"]
[White "Tkachiev, Vladislav"]
[Black "Serper, Grigory"]
[Result "0-1"]
[WhiteElo "2510"]
[BlackElo "2560"]

1.e4 c5 2.Nf3 d6 3.Bb5+ Bd7 4.Bxd7+ Nxd7 5.O-O Ngf6 6.Qe2 e6 7.d4 cxd4 8.Nxd4 Be7
9.c4 O-O 10.Nc3 Rc8 11.b3 Qb6 12.Bb2 Rfe8 13.Rad1 a6 14.Kh1 Rf8 15.f4 Qa5
16.Ba1 Rcd8 17.Nf3 Nh5 18.g3 Nhf6 19.e5 dxe5 20.fxe5 Ng4 21.Ne4 Ndxe5 22.Rxd8 Rxd8
23.Nxe5 Nxe5 24.Ng5 h6 25.Nxe6 Rd2 26.Qh5 Qb6 27.Bxe5 Qxe6 28.a4 Rd3 29.b4 Bxb4
30.Qe2 Rd2 31.Qe4 f6 32.Rxf6  0-1

[Event "Jakarta"]
[Site "Jakarta"]
[Date "1994.??.??"]
[Round "8"]
[White "Tkachiev, Vladislav"]
[Black "Liu Dede"]
[Result "1-0"]
[WhiteElo "2510"]
[BlackElo "2320"]

1.e4 c5 2.Nf3 d6 3.Bb5+ Nc6 4.c3 Bd7 5.d4 Nf6 6.Qe2 cxd4 7.cxd4 d5 8.exd5 Nb4
9.Nc3 Nbxd5 10.Nxd5 Nxd5 11.Bxd7+ Qxd7 12.Ne5 Qa4 13.Nxf7 Qb4+ 14.Bd2 Qxb2
15.O-O Kxf7 16.Qh5+ g6 17.Qxd5+ Ke8 18.Be3 Rd8 19.Qe5 Rg8 20.Qe6 Rg7 21.Rab1 Qa3
22.Rxb7 Qd6 23.Qc4 Rd7 24.Rxd7 Qxd7 25.Bh6 Rf7 26.Rb1  1-0

[Event "JUG-chT2"]
[Site "?"]
[Date "1994.??.??"]
[Round "5"]
[White "Kovacevic, Dragan"]
[Black "Dekic, Josip"]
[Result "1/2-1/2"]
[WhiteElo "2365"]
[BlackElo "2285"]

1.e4 c5 2.Nf3 d6 3.Bb5+ Bd7 4.Bxd7+ Qxd7 5.O-O Nc6 6.d4 cxd4 7.Nxd4 g6 8.Be3 Bg7
9.c4 Nf6 10.f3 Rc8 11.Na3 O-O 12.Qd2 Rfd8 13.Rfd1 e6 14.Qf2 a6 15.Nb3 Qe7
16.Bb6 Re8 17.Rac1 Nd7 18.Be3 Nce5 19.Qe2 Nc5 20.Rc2 Red8 21.Rcd2 Nc6 22.Nb1 Na4
23.Nd4 d5 24.b3 Nc5 25.Nxc6 bxc6 26.Qf2 Bf8 27.Nc3 Nd7 28.cxd5 cxd5 29.Bd4 Qb4
30.exd5 Rxc3 31.dxe6 fxe6 32.Bxc3 Qxc3 33.Qe2 Qc6 34.h4 Be7 35.Kf1 Kf7 36.Rd4 Ke8
37.h5 Nf6 38.Rxd8+ Bxd8 39.hxg6 hxg6 40.Qd3 Qb5 41.Qxb5+ axb5  1/2-1/2

[Event "JUG-chT2"]
[Site "?"]
[Date "1994.??.??"]
[Round "7"]
[White "Tringov, Georgi P"]
[Black "Ermenkov, Evgenij"]
[Result "1/2-1/2"]
[WhiteElo "2435"]
[BlackElo "2475"]

1.e4 c5 2.Nf3 d6 3.Bb5+ Bd7 4.Bxd7+ Qxd7 5.O-O Nc6 6.c4 Nf6 7.Nc3 e6 8.d4 cxd4
9.Nxd4 Be7 10.b3 O-O 11.Bb2 Rfd8 12.Re1 a6 13.Qd2  1/2-1/2

[Event "JUG-chT"]
[Site "JUG"]
[Date "1994.??.??"]
[Round "9"]
[White "Micic, Snezana"]
[Black "Jovanovic, Sasa T"]
[Result "0-1"]
[WhiteElo "2235"]
[BlackElo "2340"]

1.e4 c5 2.Nf3 d6 3.Bb5+ Bd7 4.Bxd7+ Qxd7 5.O-O Nc6 6.c3 Nf6 7.Qe2 e6 8.d4 cxd4
9.cxd4 d5 10.e5 Ne4 11.Be3 Be7 12.Ne1 f6 13.f3 Ng5 14.Nd3 fxe5 15.Bxg5 Bxg5
16.f4 Bxf4 17.dxe5 Nd4 18.Qf2 O-O 19.Nxf4 Rxf4 20.Qd2 Rxf1+ 21.Kxf1 Qb5+
22.Kg1 Qc5 23.Qe3 Rf8  0-1

[Event "Heart of Finland op 4th"]
[Site "Jyvaskyla"]
[Date "1994.??.??"]
[Round "?"]
[White "Westerinen, Heikki MJ"]
[Black "Bator, Robert"]
[Result "1/2-1/2"]
[WhiteElo "2370"]
[BlackElo "2405"]

1.e4 c5 2.Nf3 d6 3.Bb5+ Bd7 4.Bxd7+ Nxd7 5.O-O Ngf6 6.Re1 e6 7.d4 cxd4 8.Qxd4 Be7
9.c4 O-O 10.Nc3 Ng4 11.h3 Nge5 12.Nxe5 dxe5 13.Qd1 Rc8 14.b3 a6 15.Re3 Qc7
16.Rg3 Rfd8 17.Be3 g6 18.Qf1 Bb4 19.Bd2 Nc5 20.Nb5 Qa5 21.Bxb4 Qxb4 22.Nc3 Rd4
23.Ne2 Rxe4 24.Rd1 b5 25.a3 Qxa3 26.cxb5 axb5 27.Nc3 Rd4 28.Ra1 Qxb3 29.Ne2 Rd3
30.Nc1 Rxg3 31.Nxb3 Rxb3 32.Rc1 e4 33.Qe2 b4 34.Qd2 h5 35.Qd4 Rd3 36.Qxb4 Rd5
37.Kh2 Kh7 38.Qa3 Rf5 39.Qa7 Rc6 40.Kg1 Ra6 41.Qe7 Nb3 42.Rc8 Ra1+ 43.Kh2 Nd2
44.Qf8  1/2-1/2

[Event "Heart of Finland op 4th"]
[Site "Jyvaskyla"]
[Date "1994.??.??"]
[Round "?"]
[White "Raaste, Eero J"]
[Black "Yrjola, Jouni"]
[Result "1/2-1/2"]
[WhiteElo "2350"]
[BlackElo "2440"]

1.e4 c5 2.Nf3 d6 3.Bb5+ Bd7 4.Bxd7+ Nxd7 5.c4 Ngf6 6.Nc3 Ne5 7.Nxe5 dxe5
8.b4 e6 9.Ba3 cxb4 10.Bxb4 Bxb4 11.Qa4+ Nd7 12.Qxb4 b6 13.a4 Nc5 14.O-O O-O
15.a5 Rb8 16.Ra2 h5 17.Qa3 h4 18.h3 Rb7 19.Na4 Nxe4 20.axb6 axb6 21.Qe3 Nd6
22.d3 Nf5 23.Qe4 Rd7 24.Rb2 Rxd3 25.Qxe5 Qg5 26.Kh2 Re8 27.Nxb6 f6 28.Qe4 Rd4
29.Qc6 Qf4+ 30.Kg1 Rdd8 31.c5 Nd4 32.Qb7 Rb8 33.Qa7 Qg5 34.Qa3 e5 35.Rfb1 e4
36.Qe3 Qxc5 37.Rc1 Ne2+ 38.Rxe2 Qxb6 39.Qf4 Qe6  1/2-1/2